000 00318nam a2200133Ia 4500
001 5194
008 140319s9999 xx 000 0 und d
040 _cPK-LaUMT
082 _a 004.77
_bLAS-
245 _aLaser Jet IIP printer user's manual
260 _aLondon,UK:
_bHewlett Packed,
_c1989
546 _aEN
942 _cBK
999 _c5265
_d5265